[Event "Tilburg"]
[Site "Tilburg"]
[Date "1990.09.13"]
[Round "6"]
[White "Timman, Jan H"]
[Black "Ivanchuk, Vassily"]
[Result "0-1"]
[WhiteElo "2660"]
[BlackElo "2680"]
[Annotator "Ftacnik,L"]
[PlyCount "96"]
[EventDate "1990.09.??"]
[EventType "tourn"]
[EventRounds "14"]
[EventCountry "NED"]
[EventCategory "16"]
[SourceTitle "CBM 020"]
[Source "ChessBase"]
[SourceDate "1991.02.01"]
[SourceVersion "1"]
[SourceVersionDate "1991.02.01"]
[SourceQuality "1"]

1. d4 {Schussler} Nf6 2. c4 e6 3. Nf3 b6 4. g3 Ba6 5. Nbd2 Bb7 6. Bg2 Be7 7.
O-O O-O 8. Qc2 d5 9. Ne5 c5 10. dxc5 bxc5 11. Nb3 a5 12. cxd5 exd5 13. Bf4 Qb6
14. Rad1 Re8 15. Nd2 Bf8 16. e4 $5 g5 17. exd5 gxf4 18. Ndc4 Qa6 19. gxf4 $6 (
19. Qf5 $5 $13 {/\ g4,g5->}) 19... Nbd7 20. Rd3 Bg7 21. Rg3 Nf8 22. f5 (22. Qf5
Ng6) 22... Nh5 23. Rg4 Qf6 24. f4 Rad8 25. d6 Bc8 26. Be4 Nxf4 $1 (26... Kh8
27. Kh1 {/\ Rfg1->}) 27. Rfxf4 Rxe5 28. Nxe5 Qxe5 29. Rf2 Kh8 30. Rfg2 Bxf5 $1
31. Rxg7 (31. Bxf5 $2 Qe1#) 31... Ng6 $3 32. R7xg6 hxg6 33. Re2 Bg4 34. Rd2
Rxd6 35. Rxd6 Qxd6 36. Kg2 Qf4 37. Qd3 Be6 38. a3 Qg5+ 39. Qg3 Qd2+ 40. Qf2
Qxf2+ 41. Kxf2 g5 42. Ke3 Kg7 43. Bc6 f5 44. Kd3 Kf6 45. Kc3 Ke5 46. b4 axb4+
47. axb4 cxb4+ 48. Kxb4 Kd4 {/\ Bd5-+; Ftacnik,L} 0-1

[Event "Tilburg"]
[Site "Tilburg"]
[Date "1990.09.14"]
[Round "7"]
[White "Ivanchuk, Vassily"]
[Black "Nikolic, Predrag"]
[Result "1/2-1/2"]
[WhiteElo "2680"]
[BlackElo "2600"]
[Annotator "King,D"]
[PlyCount "68"]
[EventDate "1990.09.??"]
[EventType "tourn"]
[EventRounds "14"]
[EventCountry "NED"]
[EventCategory "16"]
[SourceTitle "CBM 020"]
[Source "ChessBase"]
[SourceDate "1991.02.01"]
[SourceVersion "1"]
[SourceVersionDate "1991.02.01"]
[SourceQuality "1"]

1. e4 d6 2. d4 Nf6 3. Nc3 g6 4. Nf3 Bg7 5. Be2 O-O 6. O-O c6 7. Re1 b5 8. e5
dxe5 {8...de5 N.} 9. dxe5 (9. Nxe5 $14) 9... Qxd1 10. Rxd1 Ng4 11. Bf4 Nd7 12.
e6 $13 fxe6 13. Bg3 Nge5 14. Nd4 Nb6 15. Ne4 Rd8 16. Nc5 Rd6 17. c3 Na4 18.
Nxa4 bxa4 19. f4 Nf7 20. Bf3 Bb7 21. Re1 c5 22. Nxe6 Bxf3 23. gxf3 Bh8 24. Re2
a3 25. bxa3 Bxc3 26. Rc1 Rd3 27. Nxc5 Bd4+ 28. Kg2 Rxa3 29. Bh4 Rc8 30. Bxe7
Re3 31. Rxe3 Bxe3 32. Rc3 Bxf4 33. Ne4 Rxc3 34. Nxc3 Bd6 {1.57-1.55} 1/2-1/2

[Event "Tilburg"]
[Site "Tilburg"]
[Date "1990.09.21"]
[Round "12"]
[White "Gelfand, Boris"]
[Black "Ivanchuk, Vassily"]
[Result "1-0"]
[WhiteElo "2680"]
[BlackElo "2680"]
[Annotator "Ftacnik,L"]
[PlyCount "123"]
[EventDate "1990.09.??"]
[EventType "tourn"]
[EventRounds "14"]
[EventCountry "NED"]
[EventCategory "16"]
[SourceTitle "CBM 020"]
[Source "ChessBase"]
[SourceDate "1991.02.01"]
[SourceVersion "1"]
[SourceVersionDate "1991.02.01"]
[SourceQuality "1"]

1. d4 Nf6 2. c4 g6 3. Nc3 d5 4. cxd5 Nxd5 5. e4 Nxc3 6. bxc3 Bg7 7. Nf3 c5 8.
Rb1 O-O 9. Be2 cxd4 10. cxd4 Qa5+ 11. Bd2 Qxa2 12. O-O Bg4 13. Bg5 h6 14. Be3
Nc6 (14... b6 15. h3 Bxf3 16. Bxf3 e5 17. d5 Nd7 18. Re1 Rfd8 19. Qd3 Nc5 20.
Qb5 Bf8 21. Red1 Nb7 22. Ra1 {Gurevich,M-Ivanchuk/Manila izt/1990/1/2-1/2/
->CBM 19} a5) 15. d5 Na5 {N} (15... Ne5 16. Rxb7 e6 17. Re1 Bxf3 18. gxf3 Rfd8
19. d6 Qa3 20. d7 Qe7 21. Bb5 Qh4 22. Bf1 {/Gelfand-Ivanchuk/Manila izt/1990/1/
2-1/2/22/ ->CBM 19}) 16. Bc5 Bf6 17. e5 Bxe5 18. h3 Bxf3 19. Bxf3 Rfe8 (19...
Bd6 $2 20. Bxd6 exd6 21. Ra1 $18) (19... Bf6 20. d6 e6 (20... exd6 $2 21. Bd5
Nc4 22. Bd4 Bxd4 23. Qxd4 Rac8 24. Qe4 Kg7 25. Rxb7 $16) 21. d7 Rfd8 22. Bxb7
Nxb7 23. Rxb7 $14) (19... Rae8 $5 20. d6 (20. Re1 Nc4 21. Rxb7 Bd6 22. Rxa7 Qd2
$10) 20... exd6 21. Bd5 Nc4 22. Qg4 (22. Rxb7 dxc5 23. Qf3 Nd2 24. Qd3 Bh2+ $1
25. Kxh2 Nxf1+ 26. Kg1 Qa1 $1) 22... dxc5 23. Qxg6+ (23. Bxc4 Qc2) 23... Bg7
24. Rxb7 Ne5 25. Qxg7+ Kxg7 26. Bxa2 Rb8 $5 27. Rxa7 Ra8 $10) (19... Nc4 $6 20.
Bxe7 Nd2 21. Qe2 $1 $16) 20. d6 $1 Qc4 (20... exd6 21. Bd5 Nc4 22. Rxb7 $16) (
20... Qe6 21. d7 Red8 22. Qa4 $16) 21. d7 $1 (21. Rc1 Qf4 22. g3 Qf6) 21...
Qxc5 22. dxe8=Q+ Rxe8 23. Qa4 (23. Qd7 Qc8 24. Qxc8 (24. Qb5 Bc3 25. Rfc1 Rd8)
24... Rxc8 25. Rb5 Bc3 26. Rc1 b6 27. Rd5 Rc7 $10) 23... Nc6 24. Rxb7 (24. Rfc1
Qd4 25. Rc4 Qd7 26. Rxc6 bxc6 27. Bxc6 Qf5 28. Be4 Qc8) 24... Rc8 25. Bxc6 (25.
Rb5 Qc3 26. Bxc6 Qxc6) 25... Rxc6 (25... Qxc6 26. Qxc6 Rxc6 27. Rxe7 Bd4 28.
Rd1 Bb6 29. Re2) 26. Rxe7 (26. Rb5 Qd4 27. Rb8+ Kg7 $10) 26... Qxe7 27. Qxc6
Bd4 28. Qd5 Bb6 29. g3 h5 30. Kg2 Kg7 31. Rb1 Qe2 32. Qf3 Qe6 33. Qc3+ Kh7 34.
Re1 Qd5+ 35. Qf3 Qd7 36. Rd1 Qe7 37. Rd3 Kg7 38. Qc6 Qe2 39. Rf3 Qa2 $2 (39...
Qe7 $14) 40. Qc3+ Kg8 41. Qb3 Qxb3 42. Rxb3 Kf8 43. Kf3 Ke7 44. Rb2 Ke6 (44...
Kd6 $5) 45. Ke4 Kd6 46. Rd2+ Ke6 47. Kf4 Kf6 48. Rc2 Bd4 49. Ke4 Bb6 50. Rc6+
Ke7 51. f4 Kd7 52. Rf6 Ke7 53. Rc6 Kd7 54. Kd5 Bc7 (54... Ke7 55. f5 $18) 55.
Rc4 a5 56. Rc6 Bd8 57. Ra6 Ke7 58. Ke4 Bc7 59. Kd5 Bd8 60. Ra7+ Kf6 61. Ra8 Be7
(61... Ke7 62. Kc6 $18) 62. Rxa5 1-0

[Event "Tilburg"]
[Site "Tilburg"]
[Date "1990.09.24"]
[Round "14"]
[White "Nikolic, Predrag"]
[Black "Ivanchuk, Vassily"]
[Result "0-1"]
[WhiteElo "2600"]
[BlackElo "2680"]
[Annotator "Ftacnik,L"]
[PlyCount "98"]
[EventDate "1990.09.??"]
[EventType "tourn"]
[EventRounds "14"]
[EventCountry "NED"]
[EventCategory "16"]
[SourceTitle "CBM 020"]
[Source "ChessBase"]
[SourceDate "1991.02.01"]
[SourceVersion "1"]
[SourceVersionDate "1991.02.01"]
[SourceQuality "1"]

1. d4 Nf6 2. c4 e6 3. Nf3 d5 4. Nc3 Nbd7 5. Bg5 Bb4 6. e3 c5 7. cxd5 exd5 8.
Bb5 Qa5 9. Bxd7+ (9. O-O Bxc3 10. Bxd7+ Bxd7 11. bxc3 Ne4 12. Qb3 Bc6 13. dxc5
$10 {Agejchenko-Krasenkov/USSR/1982/}) 9... Nxd7 10. O-O Bxc3 11. bxc3 c4 12.
Qc2 O-O 13. Nd2 Re8 14. Rae1 Nb6 15. f3 Bd7 16. Bf4 Ba4 $1 17. Qb2 Bc6 18. Qc2
Na4 (18... Ba4 19. Qb2 Bc6 $10) 19. Nb1 Re6 20. Re2 Rae8 21. Rfe1 b5 22. a3 Qd8
23. e4 $2 dxe4 24. fxe4 Qh4 25. Bg3 Qe7 26. e5 (26. d5 Bxd5 $19) (26. Nd2 f5
27. e5 Qxa3 $19) 26... a5 27. Qc1 Bd5 28. Nd2 b4 29. axb4 axb4 30. cxb4 Qxb4
31. Nf1 c3 32. Qf4 f6 33. Rf2 fxe5 34. Qf7+ Kh8 35. Bxe5 Rxe5 36. Qxe8+ Rxe8
37. Rxe8+ Bg8 38. Rff8 Qxd4+ 39. Ne3 h6 40. Kf1 Kh7 41. Rxg8 Qd3+ 42. Kf2 c2
43. Rh8+ Kg6 44. Nxc2 (44. Rc8 Qd2+ $19) 44... Qxc2+ 45. Kf3 Qf5+ 46. Kg3 Nc3
47. h3 Qd3+ 48. Kf2 Nd1+ 49. Kg1 Ne3 {Ftacnik,L} (49... Ne3 50. Rhf8 Qe2 51.
Rf2 Qe1+ $19) 0-1

[Event "Olympiad-29"]
[Site "Novi Sad"]
[Date "1990.11.23"]
[Round "6"]
[White "Huebner, Robert"]
[Black "Ivanchuk, Vassily"]
[Result "1-0"]
[WhiteElo "2585"]
[BlackElo "2680"]
[Annotator "Vokac,M"]
[PlyCount "55"]
[EventDate "1990.11.17"]
[EventType "team-swiss"]
[EventRounds "14"]
[EventCountry "YUG"]
[SourceTitle "TD"]
[Source "ChessBase"]
[SourceDate "1994.03.01"]
[SourceVersion "1"]
[SourceVersionDate "1994.03.01"]
[SourceQuality "1"]
[WhiteTeam "Germany"]
[BlackTeam "Soviet Union"]
[WhiteTeamCountry "GER"]
[BlackTeamCountry "URS"]

1. e4 d6 2. d4 Nf6 3. Nc3 g6 4. Nf3 Bg7 5. Be2 O-O 6. O-O Bg4 7. Be3 Nc6 8. Qd2
e5 9. d5 Ne7 10. Rad1 Ne8 (10... Kh8 $5) 11. Ng5 Bxe2 $6 (11... Bd7) 12. Nxe2
h6 (12... Nf6 $5 13. f4 $140 Ng4 14. f5 $6 (14. fxe5 Nxe3 (14... Nxe5 $143 $14)
15. Qxe3 Bxe5 16. Qh3 $40) 14... Bh6 $1) 13. Nh3 $1 Kh7 14. f4 exf4 (14... Nf6
15. fxe5 Nxe4 (15... dxe5 16. Ng3 Ng4 17. Bc5 $16) 16. Qd3 Nc5 17. Bxc5 dxc5
18. Qe4 f5 19. exf6 {P hf4-e6}) 15. Rxf4 $14 {<->f7} Ng8 16. Rdf1 Qe7 17. Bd4
Be5 (17... Bxd4+ 18. Qxd4 $1 (18. Nxd4 Nef6) 18... Ng7 19. Ng3 {P f2}) 18. R4f3
Nef6 19. Nf2 $1 Nd7 (19... Bxd4 20. Qxd4 c5 $5 21. dxc6 bxc6 22. Qc4 (22. Qc3
$143 $5 Rac8) 22... d5 23. exd5 cxd5 24. Qd3 $14) 20. Nd3 Bxd4+ 21. Nxd4 Ndf6 (
21... Kg7 22. Qc3 Ne5 23. Nxe5 dxe5 (23... Qxe5 24. Ne6+ $1 fxe6 25. Qxc7+ $18)
24. Nb5 $16) (21... Ne5 $5 22. Nxe5 dxe5 23. Nb3 {P f2}) 22. Qb4 Qxe4 $5 23.
Rxf6 Nxf6 24. Rxf6 Qxd5 $2 (24... Rae8 $5 25. Qc4 b5 $1) (24... a5 25. Qc4 (25.
Qc3 Qxd5 26. Nf3 c5 27. h4 $14) 25... b5 $1) 25. Nf5 $1 $18 {P f4} gxf5 26. Qh4
Kg8 27. Rxh6 f6 28. Qh5 1-0

[Event "Olympiad-29"]
[Site "Novi Sad"]
[Date "1990.11.26"]
[Round "9"]
[White "Ivanchuk, Vassily"]
[Black "Xu, Jun"]
[Result "1-0"]
[WhiteElo "2680"]
[BlackElo "2520"]
[Annotator "ChessBase"]
[PlyCount "79"]
[EventDate "1990.11.17"]
[EventType "team-swiss"]
[EventRounds "14"]
[EventCountry "YUG"]
[SourceTitle "TD"]
[Source "ChessBase"]
[SourceDate "1994.03.01"]
[SourceVersion "1"]
[SourceVersionDate "1994.03.01"]
[SourceQuality "1"]
[WhiteTeam "Soviet Union"]
[BlackTeam "China"]
[WhiteTeamCountry "URS"]
[BlackTeamCountry "CHN"]

1. d4 Nf6 2. c4 e6 3. Nf3 b6 4. g3 Bb7 5. Bg2 Be7 6. Nc3 Ne4 7. Bd2 Bf6 8. Nh4
$5 {8.0-0, 8. c1, 8. c2} d5 $5 (8... Nxc3 9. bxc3 $5 (9. Bxc3 $14) 9... Bxg2
10. Nxg2 $14 {P e4,f4@}) 9. cxd5 Nxc3 10. bxc3 exd5 (10... Bxd5 $2 11. e4 $2 (
11. Qa4+ $1 $14) 11... Bb7 12. Qh5 c5 $36) (10... Bxh4 11. Qa4+ $1 Qd7 12.
Qxd7+ Nxd7 13. dxe6 Bxg2 14. exd7+ Kxd7 15. Rg1 Bxg3 16. Rxg2 $1 {P g7}) 11.
Nf5 Nc6 $1 {<->c4} 12. Ne3 Na5 13. Qa4+ $1 Bc6 $8 (13... c6 $2 14. Nxd5) 14.
Qb4 Be7 15. Qb1 Qd7 $6 (15... O-O) 16. h4 $1 O-O 17. Bh3 Qd8 18. Qf5 $1 $14 {
-/+B, <->d5} Nc4 (18... Bb7 $142 $13 {P c6, c5, c8, f6, e8}) 19. Nxc4 dxc4 20.
e4 $1 $16 b5 21. O-O b4 22. Rfe1 Rb8 23. d5 Bb7 {P c8} 24. Bf1 $1 Ba6 25. Rab1
$1 (25. cxb4 $16) 25... c5 26. Rec1 Qa5 $132 27. Bf4 $1 $16 Rbd8 (27... g6 $5
28. Qd7 $8 Rb7 29. Qc6 $16) 28. d6 $1 Bxd6 29. cxb4 $1 {<->a5} Qa4 (29... Qxa2
30. Ra1 {P a6}) 30. Bxd6 Rxd6 31. Qxc5 Qd7 (31... Rd2 32. Qxa7 Qxa2 (32... Rxa2
33. Bxc4) 33. b5 $1 $18) 32. b5 Rc8 33. Qa3 Bb7 (33... Bxb5 34. Rxb5 Qxb5 35.
Qxd6) 34. Qxa7 c3 (34... Bxe4 35. Qxd7 Rxd7 36. Rb4 $18 {<->c4}) 35. Qe3 c2 36.
Rb2 Rd2 37. a4 $1 $18 h5 38. a5 Ra8 39. a6 Bc8 40. Rbxc2 1-0

[Event "Linares 09th"]
[Site "Linares"]
[Date "1991.??.??"]
[Round "2"]
[White "Speelman, Jonathan S"]
[Black "Ivanchuk, Vassily"]
[Result "1/2-1/2"]
[WhiteElo "2610"]
[BlackElo "2695"]
[Annotator "Anand,V"]
[PlyCount "73"]
[EventDate "1991.02.??"]
[EventType "tourn"]
[EventRounds "13"]
[EventCountry "ESP"]
[EventCategory "17"]
[SourceTitle "CBM 022"]
[Source "ChessBase"]
[SourceDate "1991.06.01"]
[SourceVersion "1"]
[SourceVersionDate "1991.06.01"]
[SourceQuality "1"]

1. d4 Nf6 2. c4 g6 3. Nc3 Bg7 4. e4 d6 5. Nf3 O-O 6. Be2 e5 7. d5 Na6 8. Nd2 {
To meet 8...Nc5 with 9.b4} Ne8 9. a3 c5 10. h4 f5 11. h5 f4 $6 {The rationale
behind this move is difficult to understand.After white exchanges light
squared bishops black can only be worse} 12. hxg6 hxg6 13. Bg4 Nf6 14. Bxc8
Qxc8 15. Nf3 Nc7 16. Bd2 Kf7 17. b4 b6 18. bxc5 bxc5 19. Qa4 Qe8 20. Qa5 $1 $16
Qd7 21. Ke2 Rfb8 22. Rhb1 Nce8 23. Ng5+ Kg8 24. Ne6 Bf8 25. Kd3 Be7 26. Qa4
Qxa4 27. Nxa4 Bd8 28. Nxd8 (28. f3 Nd7 29. Nxd8 Rxd8 30. Rb7 $16) 28... Rxd8
29. Rb7 Rd7 30. Rab1 Rad8 31. Ba5 $6 (31. Nc3 $1 {/\ a4-a5-a6}) (31. R7b3 $16)
31... Rxb7 32. Rxb7 Rd7 33. Rxd7 (33. Rb8 Rh7 $132) 33... Nxd7 34. Nc3 a6 35.
Bd8 Kf7 36. f3 Nef6 37. Ne2 {White can still press but his advantage is
miniscule now} 1/2-1/2

[Event "Linares 09th"]
[Site "Linares"]
[Date "1991.??.??"]
[Round "5"]
[White "Ivanchuk, Vassily"]
[Black "Karpov, Anatoly"]
[Result "1-0"]
[WhiteElo "2695"]
[BlackElo "2725"]
[Annotator "Ftacnik,L"]
[PlyCount "70"]
[EventDate "1991.02.??"]
[EventType "tourn"]
[EventRounds "13"]
[EventCountry "ESP"]
[EventCategory "17"]
[SourceTitle "CBM 022"]
[Source "ChessBase"]
[SourceDate "1991.06.01"]
[SourceVersion "1"]
[SourceVersionDate "1991.06.01"]
[SourceQuality "1"]

1. d4 {Anand} Nf6 2. c4 e6 3. Nc3 Bb4 4. e3 O-O 5. Bd3 d5 6. Nf3 c5 7. O-O cxd4
8. exd4 dxc4 9. Bxc4 b6 10. Bg5 Bb7 11. Rc1 Nc6 12. a3 Be7 13. Qd3 Nd5 $6 (
13... Rc8 14. Ba2 $1 Rc7 $5 15. Bb1 g6 16. Bh6 Re8 17. Rfe1 Rd7 18. Rcd1 $13) (
13... h6 {Anand} 14. Bh4 Rc8) 14. Bxd5 exd5 (14... Bxg5 15. Nxg5 Qxg5 16. Be4
f5 17. Bxc6 Bxc6 18. f3 Rfd8 19. Ne2 $14) 15. Bxe7 Nxe7 16. Rfe1 Rc8 17. h4 (
17. Re3 Qd6 18. Rce1 $14) 17... h6 18. h5 Rc7 19. Nb5 $6 (19. Re3 Qc8 20. Rce1
Qf5 21. Qd2 $14) 19... Rxc1 20. Rxc1 Ba6 21. a4 Bxb5 22. Qxb5 Nf5 23. g3 Ne7
24. Ne5 Qd6 25. Qa6 Nf5 26. Qd3 Ne7 27. Qf3 a5 28. Kg2 (28. b3 $1 $16 {Anand})
28... f6 $6 (28... g5 $1 $13) 29. Nd3 (29. Ng6 {Anand} Nxg6 30. hxg6 f5 $1)
29... Rc8 30. Re1 (30. Rxc8+ {Anand} Nxc8 31. Nf4 Ne7 $14) 30... Rc4 31. Nf4 (
31. Qg4 $5 f5 $5 32. Qh4 Nc6 33. Re8+ Kf7 34. Rc8 Nxd4 (34... Qe6 35. Rxc6 $1
$18) 35. Rd8 Qe6 (35... Qe7 36. Rd7 $1 Qxd7 37. Ne5+) 36. Rd7+ Kg8 37. Qd8+ Kh7
38. Re7 $1 Rc8 $8 39. Rxe6 Rxd8 40. Rxb6 $16) 31... Rxd4 32. Ng6 Nxg6 33. hxg6
Kf8 $1 (33... Re4 $6 {Anand} 34. Rxe4 dxe4 35. Qxe4 Kf8 36. Qa8+ Ke7 37. Qb7+
$16) 34. Qf5 $1 Rc4 35. g4 Qf4 $138 {Ftacnik,L} (35... Qf4 36. Qxd5 Qxg4+ (
36... Qc7 {Anand} 37. Qg8+ $3 $18) 37. Kf1 Qh3+ 38. Ke2 Qg4+ (38... Rc2+ 39.
Kd1 $18) 39. Kd3 $18) (35... Qb4 36. Re3 Rxg4+ 37. Kf3 $40) (35... d4 36. Re6
Qd8 37. Qb5 $16) (35... Rc6 {Anand} 36. g5 d4 $5 $13) 1-0

[Event "Candidates qf3"]
[Site "Brussels"]
[Date "1991.??.??"]
[Round "4"]
[White "Jussupow, Artur"]
[Black "Ivanchuk, Vassily"]
[Result "1/2-1/2"]
[WhiteElo "2625"]
[BlackElo "2735"]
[Annotator "Jussupow,A"]
[PlyCount "69"]
[EventDate "1991.08.??"]
[EventType "match"]
[EventRounds "8"]
[EventCountry "BEL"]
[SourceTitle "Candidates"]
[Source "ChessBase"]
[SourceDate "1999.07.01"]
[SourceVersion "2"]
[SourceVersionDate "1999.07.01"]
[SourceQuality "1"]

1. d4 Nf6 2. c4 e6 3. Nc3 d5 4. Nf3 Nbd7 5. Bg5 Bb4 6. cxd5 exd5 7. e3 c5 8.
Bd3 Qa5 9. O-O (9. Qc2) 9... c4 10. Bf5 O-O $1 (10... Bxc3 11. bxc3 Qxc3 (11...
Ne4 12. Qc2 $36) 12. Qb1 {/\e4+/- ECO}) 11. Qc2 Re8 12. Nd2 g6 13. Bh3 (13.
Bxd7 $5) 13... Bxc3 14. bxc3 Ne4 15. Nxe4 dxe4 16. Bxd7 Bxd7 17. Bf4 Bc6 (17...
Qd5 18. a4 Re6 19. Rfb1 Rb6 (19... Ra6 $5 $10) 20. Rxb6 axb6 21. Qb2 $14 {
Cebalo,M-Wirthensohn,H Bern 1988}) (17... Ba4 18. Qb2 Bc6 19. a4 $14 {Vaiser,
A-Wirthensohn,H Suhr (4) 1990}) (17... Re6 $5 18. Rfb1 Qd5 19. a4 a5 20. Qb2
Bc6 21. Qa3 Kg7 22. h3 g5 $10 {Pinter,J-Sosonko,G Haninge (8) 1988}) 18. d5 $5
{N} (18. a4 Re6 19. Rfb1 g5 20. Bg3 h5 21. h3 h4 22. Be5 $13 {Smirnov-Alekseev
USSR 1987}) 18... Qxd5 19. Rfd1 Qa5 20. Rd4 Rad8 21. Rad1 (21. Bd6 Rd7 22. Qd2
(22. Rad1 $4 Ba4 23. Rxe4 Red8 $19) 22... Re6 $146) 21... Rxd4 22. Rxd4 Rd8 23.
Bd6 (23. Qd2 Rxd4 24. Qxd4 Qd5 $10) 23... Rd7 24. Qd2 Qd8 $1 25. h3 f6 26. Bc5
b6 27. Rxd7 Qxd7 28. Qxd7 (28. Bd4 Kf7 $15) 28... Bxd7 29. Bd6 g5 30. a3 Kf7
31. Bb8 a6 32. Bc7 b5 33. Bd8 h5 34. Kh2 Kg6 35. Kg3 (35. Kg3 h4+ 36. Kh2 f5
37. g3 Kh5 38. Kg2 $10) 1/2-1/2

[Event "Candidates qf3"]
[Site "Brussels"]
[Date "1991.??.??"]
[Round "6"]
[White "Jussupow, Artur"]
[Black "Ivanchuk, Vassily"]
[Result "1/2-1/2"]
[WhiteElo "2625"]
[BlackElo "2735"]
[Annotator "Jussupow,A"]
[PlyCount "82"]
[EventDate "1991.08.??"]
[EventType "match"]
[EventRounds "8"]
[EventCountry "BEL"]
[SourceTitle "Candidates"]
[Source "ChessBase"]
[SourceDate "1999.07.01"]
[SourceVersion "2"]
[SourceVersionDate "1999.07.01"]
[SourceQuality "1"]

1. d4 {Ftacnik} Nf6 2. c4 e6 3. Nc3 Bb4 4. e3 c5 5. Bd3 d5 6. Nf3 O-O 7. O-O
cxd4 8. exd4 dxc4 9. Bxc4 b6 10. Bg5 Bb7 11. Ne5 (11. Re1 {Ftacnik}) 11... Nbd7
(11... Nc6 $5 12. Bxf6 Qxf6 13. Nd7 Qh4 14. Nxf8 Nxd4 $44 (14... Rxf8 15. Ne2
Rd8 $44 {Farago,I-Rigo Hungary ch 1976})) (11... Bxc3 12. bxc3 Qc7 13. Bxf6
gxf6 14. Qg4+ Kh8 15. Qh4 $10 {Portish,F-Rigo Hungary ch 1977} (15. Qh4 {
Ftacnik} fxe5 16. Qf6+ {0,5/Portisch,F-Rigo/Hungary ch/1977/})) (11... h6 $5
12. Bh4 Be7) (11... Be7 {Ftacnik} 12. Qe2 Nd5 13. Bxd5 exd5 14. Bxe7 Qxe7 15.
Rfe1 $14 {Wessman,R-Friedman,A/New York op/1990/}) 12. Nxd7 Qxd7 13. Bxf6 gxf6
14. d5 $1 (14. Re1 Rad8 15. Re3 Kh8 $10) 14... Bxc3 (14... exd5 {Ftacnik} 15.
Nxd5 Bxd5 16. Bxd5 Rad8 17. Qb3 Qxd5 18. Qxb4 $14) 15. bxc3 Bxd5 16. Qg4+ (16.
Qd4 Rac8 $10) 16... Kh8 17. Qd4 (17. Rfd1 Rg8 18. Rxd5 (18. Qh3 Rxg2+ 19. Qxg2
Rg8 20. Bxd5 exd5 $15) 18... Qc7 19. Qh4 exd5 20. Qxf6+ Rg7 21. Bxd5 $44) 17...
Rac8 $2 (17... Qd8 $142 18. Bxd5 exd5 19. Rfe1 Rc8 $146) (17... Kg7 {Ftacnik}
18. Rad1 Rac8 $2 19. Qg4+ Kh8 20. Bxd5 $18) 18. Qxf6+ $6 (18. Ba6 $142 $1 Rc5 (
18... e5 $2 19. Bxc8 $18) (18... Rg8 $2 19. Qxf6+ Rg7 20. Bxc8 $18) 19. Qxf6+
Kg8 20. Rad1 $1 Qc6 (20... Qd8 $2 21. Qxd8 Rxd8 22. c4 Ra5 23. cxd5 Rxa6 24.
dxe6 Rxd1 (24... Re8 $142 25. exf7+ $18) 25. e7 $18) 21. Qg5+ $1 (21. Bd3 Bxg2
22. Qh4 f5 23. Qg5+ Kh8 24. Qe7 $10) (21. Rd4 Be4 22. Bd3 Bg6 $10) 21... Kh8
22. Qh6 Kg8 (22... Rg8 23. Qf6+ Rg7 24. c4 $18) 23. Rd4 (23. Bd3 Be4 (23... f5
24. Rfe1 $40) 24. Rfe1 Bg6 $10) 23... Be4 24. Bd3 $1 (24. Re1 Bg6 25. Bd3 Rh5
26. Qd2 $14) 24... Bg6 25. Bxg6 fxg6 (25... hxg6 $4 26. Rh4 $18) 26. Rfd1 $36)
18... Kg8 19. Bd3 (19. Bxd5 Qxd5 20. Rad1 Qf5 21. Qe7 $10) (19. Ba6 Qd8 $10)
19... Qd8 (19... Bxg2 $2 {Ftacnik} 20. Rfd1 Bd5 21. c4 $18) 20. Qh6 f5 21. c4
Bxg2 22. Qxe6+ (22. Rfd1 Rf6) (22. Kxg2 Qxd3 23. Qxe6+ Kg7 24. Rfd1 Qe4+ 25.
Qxe4 fxe4 26. Rd4 $14) 22... Kg7 (22... Rf7 $2 {Ftacnik} 23. Kxg2 Qxd3 24.
Qxc8+ $18) 23. Qe5+ (23. Kxg2 Qxd3 24. Rfd1 Qe4+ 25. Qxe4 fxe4 26. Rd4 $14)
23... Rf6 $1 (23... Kg6 24. Kxg2 Qxd3 25. f3 $1 $40) (23... Kg8 {Ftacnik} 24.
Bxf5 $1 (24. Kxg2 Qxd3 25. Rg1 Kf7 $1 (25... Qe4+ $2 26. Kh3+ $1 Kf7 27. Rg7#)
26. Kh1 Qe4+ $10) (24. Rfd1 Qg5 25. h4 Qg4 26. Qg3 Bf3 $10) 24... Rxf5 25. Qxf5
Bxf1 26. Rxf1 Rc5 27. Qe6+ Kh8 28. Kh1 $16) 24. Rfd1 (24. Kxg2 Qxd3 25. f3 (25.
Rg1 {Ftacnik} Kf7 $1) 25... Qd6 $10) 24... Rc5 $1 (24... Bc6 {Ftacnik} 25. Bxf5
Qc7 $16) 25. Qc3 Bc6 26. Be4 (26. Bxf5 {Ftacnik} Qc7 27. Bg4 Qf4 28. Qg3 Rg5
$19) 26... Qc7 $1 (26... Qe8 27. Bd5 $14) 27. Bxc6 Qxc6 28. Rac1 b5 (28... Kf7
29. f3 {/\Kh1|^} (29. Rd3 {Ftacnik} b5 (29... Rg6+ 30. Rg3 b5 31. Qh8 $1 $132)
30. Rcd1 Rxc4 31. Qe5 (31. Rd7+ Kg6 32. Qh3 Rg4+ 33. Kf1 Qc4+ 34. R1d3 h5 $40)
31... Re4 (31... Rg4+ 32. Rg3 $132) 32. Qb8 $132)) 29. cxb5 Rxc3 30. bxc6 Rfxc6
31. Rxc3 Rxc3 32. Rd7+ Kg6 33. Rxa7 h5 34. Ra4 (34. a4 h4 $10) (34. h4 {Ftacnik
} Rc4 $10) 34... h4 35. Rxh4 Ra3 $10 36. Kg2 Rxa2 37. Kg3 (37. Rb4 $142 $10)
37... Ra1 38. f3 Kg5 39. Rb4 f4+ $1 40. Kh3 Ra2 41. Rb5+ Kg6 1/2-1/2